000 00551nam a2200229Ia 4500
003 OSt
005 20220918195936.0
006 a|||||r|||| 00| 0
007 ta
008 220917b |||||||| |||| 00| 0 eng d
024 _a86,808
037 _cTextual
040 _aARTS
_cARTS
_beng
041 _2eng
_aeng
082 _aT2:3:C, G1
100 _aAdlam G M J ed
_992034
245 0 _aScience masters books
260 _c1931
650 _aEDUCATION
942 _hT2:3:C, G1
_cTEXL
_2CC
999 _c210505
_d210505